| 000 | 00440nam a2200157Ia 4500 | ||
|---|---|---|---|
| 008 | 160316s1988 xxu||||| |||| 00| 0 eng d | ||
| 082 |
_a374.400000 _bKOU |
||
| 100 | _aKoul B N | ||
| 245 | _aStudies in distance education | ||
| 250 | _a | ||
| 260 |
_aNew Delhi _bAssociation of Indian Universities _c1988 |
||
| 300 |
_a176p. _b20 cm _cxiv |
||
| 365 | _bRs.20 | ||
| 650 | _a1.Distance Education - India | ||
| 700 |
_aSingh Bakhshish _aAnsari M M |
||
| 999 |
_c4765 _d4765 |
||